| 000 | 01228nam0a2200337 i 4500 | ||
|---|---|---|---|
| 001 | RU\NLR\BIBL_A\010201625 | ||
| 005 | 20260406081051.0 | ||
| 010 |
_a9785699662432 _b3000 |
||
| 021 |
_aRU _b2013-97985 _965д/14 |
||
| 035 | _a(NILC)RuMoRGB-006723978 | ||
| 035 | _a(NLR Aleph) 010201625 | ||
| 090 |
_a10246615 _c10246615 |
||
| 100 | _a20140307d2014 dm y0rusy50 ca | ||
| 101 | 0 | _arus | |
| 102 | _aRU | ||
| 105 | _aa|||z|||000yy | ||
| 200 | 1 |
_aБабочки зимнего утра _e[повесть _eдля среднего школьного возраста] _fАнна Антонова |
|
| 210 |
_aМосква _cЭксмо _d2014 |
||
| 215 |
_a185, [2] с. _cил. _d21 |
||
| 225 | 1 |
_aРоман с танцем _eистории о первой любви для девочек |
|
| 333 | _a12+ | ||
| 686 | 0 | _aШ9(2)62=Р7-4 | |
| 700 | 1 |
_8rus _7ca _aАнтонова _bА. Е. _cписатель, редактор _gАнна Евгеньевна _3RU\NLR\AUTH\7745338 _928276 |
|
| 801 | 0 |
_aRU _bRuMoRKP _c20121205 _gRCR |
|
| 801 | 2 |
_aRU _bРГБ _c20140117 _grcr |
|
| 801 | 1 |
_aRU _bRuMoRKP _c20121205 _2rusmarc |
|
| 942 | _cBOOK | ||
| 980 | _aNBR | ||